Investing in fixed income securities : understanding the bond market

Bibliographic Details
Main Author: Strumeyer, Gary (Author)
Format: Book
Language:English
Published: Hoboken, N.J. : John Wiley , c2005
Series:Wiley finance series
Subjects:

MARC

LEADER 00000cam a2200000 7i4500
001 0000006764
005 20061205093000.0
008 061205 eng
020 |a 0471465127 
090 0 0 |a HG4650   |b .S77 2005 
100 1 |a Strumeyer, Gary ,   |e author 
245 1 0 |a Investing in fixed income securities :   |b understanding the bond market   |c Gary Strumeyer 
260 2 |a Hoboken, N.J. :   |b John Wiley ,   |c c2005 
300 |a xiii, 514 p. :   |b ill. ;   |c 24 cm. 
440 0 |a Wiley finance series 
504 |a Includes bibliographical references (p. 505-506) and index 
650 0 |a Fixed-income securities 
650 0 |a Portfolio management 
999 |a 1000105631   |b Book   |c OPEN SHELF (30 DAYS)   |e Gong Badak Campus